Организация творческого проектирования в рамках направления "Электроэнергетика и электромеханика"; Уровневая подготовка специалистов: государственные и международные стандарты инженерного образования

Bibliografiske detaljer
Parent link:Уровневая подготовка специалистов: государственные и международные стандарты инженерного образования.— 2013.— [С. 31-35]
Hovedforfatter: Киселёв А. В. Александр Викторович
Institution som forfatter: Национальный исследовательский Томский политехнический университет
Andre forfattere: Федянин А. Л. Александр Леонидович
Summary:Заглавие с экрана
В статье указана проблема выбора профиля студентами в высших учебных заведениях. Приведены статистические данные профессионального выбора студентов ВУЗов. Предложена схема организации творческого проектирования на примере технического профиля Энергетического института НИ ТПУ
Sprog:russisk
Udgivet: 2013
Serier:Разработка и реализация основных образовательных программ партнерство с ведущими университетами и предприятиями
Fag:
Online adgang:http://www.lib.tpu.ru/fulltext/c/2013/C09/019.pdf
Format: MixedMaterials Electronisk Book Chapter
KOHA link:https://koha.lib.tpu.ru/cgi-bin/koha/opac-detail.pl?biblionumber=241370

MARC

LEADER 00000naa2a2200000 4500
001 241370
005 20251216095207.0
035 |a (RuTPU)RU\TPU\book\262637 
035 |a RU\TPU\book\262634 
090 |a 241370 
100 |a 20130711d2013 k y0rusy50 ca 
101 0 |a rus 
102 |a RU 
135 |a arnn ---uucaa 
181 0 |a i  
182 0 |a b 
200 1 |a Организация творческого проектирования в рамках направления "Электроэнергетика и электромеханика"  |f А. В. Киселев, А. Л. Федянин 
203 |a Текст  |c электронный 
225 1 |a Разработка и реализация основных образовательных программ партнерство с ведущими университетами и предприятиями 
300 |a Заглавие с экрана 
320 |a [Библиогр.: с. 34 (5 назв.)] 
330 |a В статье указана проблема выбора профиля студентами в высших учебных заведениях. Приведены статистические данные профессионального выбора студентов ВУЗов. Предложена схема организации творческого проектирования на примере технического профиля Энергетического института НИ ТПУ 
337 |a Adobe Reader 
463 1 |0 (RuTPU)RU\TPU\book\262130  |t Уровневая подготовка специалистов: государственные и международные стандарты инженерного образования  |o сборник трудов научно-методической конференции, 26-30 марта 2013 г., Томск  |f Национальный исследовательский Томский политехнический университет (ТПУ) ; ред. кол. А. И. Чучалин [и др.]  |v [С. 31-35]  |d 2013 
610 1 |a труды учёных ТПУ 
610 1 |a электронный ресурс 
610 1 |a творчество 
610 1 |a проекты 
610 1 |a проектирование 
610 1 |a организация 
610 1 |a электроэнергетика 
610 1 |a электромеханика 
610 1 |a высшее образование 
610 1 |a профессиональный выбор 
700 1 |a Киселёв  |b А. В.  |c специалист в области электротехники  |c доцент Томского политехнического университета, кандидат технических наук  |f 1986-  |g Александр Викторович  |3 (RuTPU)RU\TPU\pers\32342 
701 1 |a Федянин  |b А. Л.  |c специалист в области электротехники  |c доцент Томского политехнического университета, кандидат технических наук  |f 1982-  |g Александр Леонидович  |3 (RuTPU)RU\TPU\pers\29997 
712 0 2 |a Национальный исследовательский Томский политехнический университет  |c (2009- )  |9 26305 
801 2 |a RU  |b 63413507  |c 20191224  |g RCR 
850 |a 63413507 
856 4 |u http://www.lib.tpu.ru/fulltext/c/2013/C09/019.pdf 
942 |c CF